| 000 | 00000nam##2200000za#4500 |
| 001 | 9.569439 |
| 003 | CaOODSP |
| 005 | 20210624181753 |
| 007 | cr ||||||||||| |
| 008 | 150406|2001||||xxc|||||o f|0| 0 eng|d |
| 040 | |aCaOODSP|beng |
| 043 | |an-cn--- |
| 086 | 1 |aNH18-1/51-3-2001E-PDF |
| 110 | 2 |aCanada Mortgage and Housing Corporation. |
| 245 | 10|aHousing options for older Canadians - user satisfaction study. Part 3, : |h[electronic resource]|bAppendices / |cby Gloria Gutman, Mary Ann Clarke Scott and Nancy Gnaedinger. |
| 260 | |aOttawa - Ontario : |bCanada Mortgage and Housing Corporation |c2001. |
| 300 | |a234p.|btables |
| 490 | 1 |aResearch report |
| 500 | |a"This report is Part 3 of three prepared by the Study Team under direction and contract from Canada Mortgage and Housing Corporation."--Abstract. For Part 1, see NH18-1/51-1-2001E-PDF. For Part 2, see NH18-1/51-2-2001E-PDF. |
| 590 | |a11-05-Supp|b2011-03-15 |
| 720 | 1 |aGnaedinger, Nancy |
| 720 | 1 |aGutman, Gloria |
| 720 | 1 |aClarke Scott, Mary Ann |
| 830 | #0|aResearch report (Canada Mortgage and Housing Corporation : Online)|w(CaOODSP)9.506068 |
| 856 | 40|ahttp://publications.gc.ca|qPDF|s8.5 MB|uhttps://publications.gc.ca/collections/collection_2011/schl-cmhc/nh18-1/NH18-1-51-3-2001-eng.pdf |